[Event "XIX Festival A"]
[Site "Porto San Giorgio ITA"]
[Date "2007.08.22"]
[Round "2"]
[White "Hamdouchi, Hichem"]
[Black "Eperjesi, Laszlo"]
[Result "1-0"]
[WhiteElo "2576"]
[BlackElo "2264"]
[PlyCount "59"]
[EventDate "2007.08.21"]

1. e4 c6 2. d4 d5 3. exd5 cxd5 4. c4 Nf6 5. Nc3 e6 6. Nf3 Bb4 7. cxd5 Nxd5 8.
Qc2 Qc7 9. Bd2 Nd7 10. Bd3 Bxc3 11. bxc3 N5f6 12. O-O b6 13. Rae1 Bb7 14. Ne5
O-O 15. Bf4 Rfc8 16. Re3 Nf8 17. Rh3 Qd8 18. Bg5 Ng6 19. f4 Qd5 20. Bxf6 Rxc3
21. Qf2 gxf6 22. Ng4 Qd8 23. Nh6+ Kf8 24. f5 Ne5 25. dxe5 Rxd3 26. Nxf7 Qd4 27.
Rxd3 Qxd3 28. fxe6 f5 29. Nd6 Be4 30. Re1 1-0

[Event "XIX Festival A"]
[Site "Porto San Giorgio ITA"]
[Date "2007.08.22"]
[Round "2"]
[White "Korneev, Oleg"]
[Black "Brancaleoni, Maurizio"]
[Result "1-0"]
[WhiteElo "2565"]
[BlackElo "2256"]
[PlyCount "81"]
[EventDate "2007.08.21"]

1. e4 e5 2. Nf3 Nc6 3. Bb5 a6 4. Ba4 Nf6 5. O-O Be7 6. Re1 b5 7. Bb3 O-O 8. h3
Bb7 9. d3 d6 10. a3 Na5 11. Ba2 c5 12. Nc3 Nc6 13. Nd5 Nxd5 14. Bxd5 Qc7 15. c3
Na5 16. b4 Bxd5 17. exd5 Nb7 18. Qb3 Rfc8 19. Be3 c4 20. dxc4 bxc4 21. Qc2 Qd7
22. Nd2 f5 23. Qa2 Qb5 24. Qc2 g6 25. f4 e4 26. Bd4 Qxd5 27. g4 Nd8 28. gxf5
gxf5 29. Nf1 Qf7 30. Qg2+ Qg6 31. Ng3 Kf7 32. Kh2 Ne6 33. Rxe4 Rg8 34. Re3 Bh4
35. Qb7+ Be7 36. Rae1 Rae8 37. Qd7 h5 38. Kh1 Rd8 39. Qb7 Rge8 40. Rxe6 Qxg3
41. Rxe7+ 1-0

[Event "XIX Festival A"]
[Site "Porto San Giorgio ITA"]
[Date "2007.08.22"]
[Round "2"]
[White "Lyell, Mark"]
[Black "Jones, Gawain C.B."]
[Result "0-1"]
[WhiteElo "2187"]
[BlackElo "2526"]
[PlyCount "116"]
[EventDate "2007.08.21"]

1. e4 c5 2. c3 d5 3. exd5 Qxd5 4. d4 Nf6 5. Nf3 Bg4 6. dxc5 Qxc5 7. Na3 a6 8.
h3 Bh5 9. g4 Bg6 10. Bg2 e6 11. Be3 Qc7 12. Qa4+ Nbd7 13. Rd1 Nd5 14. O-O Nxe3
15. fxe3 O-O-O 16. b4 Be7 17. Nd4 Nb6 18. Qb3 Nd5 19. b5 a5 20. b6 Qc5 21. Nc4
Kb8 22. Qa4 Nxc3 23. Qxa5 Qxa5 24. Nxa5 Nxd1 25. Rxd1 Bg5 26. Ndc6+ bxc6 27.
Nxc6+ Kb7 28. Nxd8+ Kxb6 29. Nc6 Bxe3+ 30. Kf1 Ra8 31. Ne5 Ra4 32. Nxg6 hxg6
33. Rd7 Rf4+ 34. Ke2 Bc5 35. Bf3 g5 36. Rb7+ Ka5 37. Bc6 Ka6 38. a4 g6 39. Rd7
f6 40. Rg7 Kb6 41. Bd7 e5 42. Rxg6 e4 43. Bb5 Rf2+ 44. Kd1 e3 45. Rh6 Rd2+ 46.
Ke1 Bb4 47. Be2 Rd4+ 48. Kf1 Rf4+ 49. Kg1 Rf2 50. Bb5 Bc5 51. Kh1 Kc7 52. h4
gxh4 53. Rxh4 e2 54. Bxe2 Rxe2 55. Rh5 Be3 56. Rf5 Bg5 57. a5 Kb7 58. Kg1 Re4
0-1

[Event "XIX Festival A"]
[Site "Porto San Giorgio ITA"]
[Date "2007.08.22"]
[Round "2"]
[White "Miezis, Normunds"]
[Black "Ranieri, Fabrizio"]
[Result "1-0"]
[WhiteElo "2524"]
[BlackElo "2241"]
[PlyCount "55"]
[EventDate "2007.08.21"]

1. c4 e6 2. e4 d5 3. exd5 exd5 4. cxd5 Nf6 5. Nc3 Nxd5 6. Nf3 Be7 7. d4 O-O 8.
Bd3 Nc6 9. O-O Bg4 10. h3 Be6 11. Re1 h6 12. a3 a6 13. Bc2 Nxc3 14. bxc3 Bc4
15. Nd2 Be6 16. Nf1 Bd7 17. d5 Na5 18. Qd4 Bg5 19. Bxg5 Qxg5 20. Re3 Rae8 21.
Rae1 b5 22. Rxe8 Rxe8 23. Rxe8+ Bxe8 24. Qe4 Qd8 25. Qh7+ Kf8 26. Ne3 Qf6 27.
d6 g6 28. Nd5 1-0

[Event "XIX Festival A"]
[Site "Porto San Giorgio ITA"]
[Date "2007.08.22"]
[Round "2"]
[White "Naumkin, Igor"]
[Black "Rettore, Ludwig"]
[Result "1-0"]
[WhiteElo "2490"]
[BlackElo "2182"]
[PlyCount "145"]
[EventDate "2007.08.21"]

1. d4 d5 2. c4 e6 3. Nf3 Nf6 4. Bg5 Be7 5. e3 O-O 6. Nc3 h6 7. Bh4 b6 8. Rc1
Bb7 9. Bd3 Ne4 10. Bg3 Nd7 11. cxd5 Nxg3 12. hxg3 exd5 13. Bb1 Re8 14. Qc2 Nf8
15. O-O c5 16. dxc5 bxc5 17. Rfd1 Bf6 18. Qb3 Rb8 19. Nxd5 Bxd5 20. Qxd5 Qxd5
21. Rxd5 Rxb2 22. Rdxc5 Reb8 23. Be4 Rxa2 24. Bd5 Ra1 25. Rxa1 Bxa1 26. Ra5
Rb1+ 27. Kh2 Rf1 28. Rxa7 Ne6 29. Ra8+ Kh7 30. Bc4 Rc1 31. Bxe6 fxe6 32. Ra6 e5
33. Nd2 Bc3 34. Ne4 Bb2 35. g4 Rc4 36. g5 h5 37. g6+ Kh6 38. Nd6 Rh4+ 39. Kg1
Kg5 40. Nf7+ Kf5 41. Nd6+ Kg5 42. Rb6 Ba1 43. Nf7+ Kf5 44. f3 Ra4 45. Kh2 e4
46. Nd6+ Kxg6 47. Nxe4+ Bf6 48. Nc3 Rh4+ 49. Kg3 Rc4 50. Nd5 Kf7 51. Rb7+ Kg6
52. Rb5 Bh4+ 53. Kh2 Bg5 54. f4 Bf6 55. Kg3 Rc1 56. e4 Ra1 57. Rb3 h4+ 58. Kg4
Rg1 59. Ne3 Bd4 60. Nf5 Rxg2+ 61. Kh3 Re2 62. Nxh4+ Kh7 63. Nf3 Re3 64. Rxe3
Bxe3 65. Kg4 Kg6 66. f5+ Kf6 67. e5+ Ke7 68. Kh5 Bc1 69. Kg6 Kf8 70. e6 Bb2 71.
Ne1 Bd4 72. Nd3 Ke7 73. Nf4 1-0

[Event "XIX Festival A"]
[Site "Porto San Giorgio ITA"]
[Date "2007.08.22"]
[Round "2"]
[White "Piva, Giorgio"]
[Black "Jovanic, Ognjen"]
[Result "1/2-1/2"]
[WhiteElo "2148"]
[BlackElo "2491"]
[PlyCount "120"]
[EventDate "2007.08.21"]

1. d4 d5 2. Bf4 Nf6 3. e3 c5 4. c3 Nc6 5. Nd2 e6 6. Ngf3 Bd6 7. Bg3 Bxg3 8.
hxg3 Qe7 9. Bb5 Bd7 10. a4 Rc8 11. Ne5 h6 12. Bd3 a6 13. g4 cxd4 14. exd4 Nxe5
15. dxe5 Nh7 16. Nf3 Ng5 17. Nxg5 Qxg5 18. Rh5 Qe7 19. Qd2 Rf8 20. Kf1 Rc7 21.
g5 hxg5 22. Qxg5 Qxg5 23. Rxg5 g6 24. a5 Rh8 25. Ke2 Ke7 26. g3 Rc5 27. Ke3 Rh2
28. Rg4 Bb5 29. Kd4 Rc6 30. Rf4 g5 31. Rf3 Bxd3 32. Kxd3 Rc5 33. Ra4 Rb5 34.
Kc2 Rh1 35. Rg4 Rxa5 36. Rxg5 Rh7 37. Rg8 Ra4 38. Rb8 b5 39. Rb7+ Kf8 40. Rf6
Re4 41. Rb8+ Ke7 42. Rb7+ Ke8 43. Rb8+ Kd7 44. Rb7+ Kc6 45. Rfxf7 Rxf7 46. Rxf7
Rxe5 47. b4 Re1 48. Kd2 Ra1 49. g4 a5 50. bxa5 Rxa5 51. f4 Ra1 52. g5 Rg1 53.
Rf8 Rg3 54. Rf6 Kd7 55. g6 Ke7 56. Rf7+ Ke8 57. f5 exf5 58. Rxf5 Rxg6 59. Rxd5
Rb6 60. Kc2 b4 1/2-1/2

[Event "XIX Festival A"]
[Site "Porto San Giorgio ITA"]
[Date "2007.08.22"]
[Round "2"]
[White "Popchev, Milko"]
[Black "La Gatta, Giovanni"]
[Result "1-0"]
[WhiteElo "2456"]
[BlackElo "2130"]
[PlyCount "151"]
[EventDate "2007.08.21"]

1. d4 Nf6 2. Nf3 e6 3. e3 b6 4. Bd3 Bb7 5. O-O Be7 6. Nbd2 c5 7. Qe2 cxd4 8.
exd4 d6 9. Re1 Nbd7 10. Nf1 O-O 11. Bd2 Re8 12. Ng3 Bf8 13. Bc4 Rc8 14. Bb3 Qc7
15. Ng5 Bd5 16. c3 Bxb3 17. axb3 a5 18. Qb5 d5 19. Qd3 e5 20. dxe5 Nxe5 21. Qf5
Ng6 22. Be3 Bc5 23. Qd3 Bxe3 24. Rxe3 Rxe3 25. Qxe3 Re8 26. Qd4 h6 27. Nf3 Ne5
28. Nxe5 Rxe5 29. Rd1 Re6 30. b4 Qe7 31. bxa5 Re1+ 32. Rxe1 Qxe1+ 33. Nf1 bxa5
34. f3 Qa1 35. Qd2 a4 36. Kf2 a3 37. bxa3 Qxa3 38. Ne3 Qc5 39. g4 Qd6 40. Kg2
Qf4 41. Qd3 Qe5 42. h4 g6 43. Qd4 Qxd4 44. cxd4 g5 45. h5 Kf8 46. Kf2 Ke8 47.
Ke2 Kd7 48. Nf5 Ng8 49. Kd3 Kc6 50. Kc3 f6 51. Kb3 Kb5 52. Kc3 Kc6 53. Kb4 Kb6
54. f4 gxf4 55. Kc3 f3 56. Kd3 f2 57. Ke2 f1=Q+ 58. Kxf1 Kb5 59. Ke2 Kb4 60.
Kd3 Kb3 61. Ke3 Kc3 62. Ke2 Kc2 63. Ke3 Kc3 64. Nd6 Ne7 65. Nb7 Ng8 66. Nd8 Ne7
67. Ne6 f5 68. g5 hxg5 69. Nxg5 f4+ 70. Kxf4 Kxd4 71. h6 Kc3 72. h7 Ng6+ 73.
Kf5 Nh8 74. Kf6 d4 75. Kg7 d3 76. Nf3 1-0

[Event "XIX Festival A"]
[Site "Porto San Giorgio ITA"]
[Date "2007.08.22"]
[Round "2"]
[White "Rinaudo, Andrea"]
[Black "Horvath, Peter"]
[Result "0-1"]
[WhiteElo "2121"]
[BlackElo "2445"]
[PlyCount "66"]
[EventDate "2007.08.21"]

1. e4 c5 2. Nf3 Nc6 3. d4 cxd4 4. Nxd4 Nf6 5. Nc3 e5 6. Ndb5 d6 7. Bg5 a6 8.
Na3 b5 9. Bxf6 gxf6 10. Nd5 Bg7 11. Bd3 Ne7 12. Nxe7 Qxe7 13. c4 f5 14. O-O O-O
15. cxb5 d5 16. exd5 e4 17. Qe2 Qf6 18. Bc4 Qxb2 19. Nc2 axb5 20. Bxb5 Qe5 21.
Rfd1 f4 22. f3 exf3 23. Qxe5 Bxe5 24. Bc6 Ra7 25. Nd4 fxg2 26. Kxg2 Ra3 27. Nb5
Re3 28. Rac1 Re2+ 29. Kf3 Rxh2 30. Rg1+ Kh8 31. d6 Bh3 32. a4 f5 33. d7 h5 0-1

[Event "XIX Festival A"]
[Site "Porto San Giorgio ITA"]
[Date "2007.08.22"]
[Round "2"]
[White "Rotstein, Arkadij"]
[Black "Stromboli, Carlo"]
[Result "1-0"]
[WhiteElo "2515"]
[BlackElo "2229"]
[PlyCount "79"]
[EventDate "2007.08.21"]

1. Nf3 Nf6 2. c4 e6 3. g3 b6 4. Bg2 Bb7 5. O-O Be7 6. Nc3 O-O 7. Re1 d5 8. cxd5
exd5 9. d4 Nbd7 10. Bf4 Ne4 11. Qb3 Ndf6 12. Rac1 Bd6 13. Bxd6 Nxd6 14. Ne5 c6
15. e3 Nd7 16. e4 dxe4 17. Nxe4 Nb5 18. Red1 Nxe5 19. dxe5 Nd4 20. Qe3 c5 21.
Nxc5 bxc5 22. Bxb7 Rb8 23. Rxc5 Rxb7 24. Rxd4 Qb8 25. b3 Re8 26. Rdd5 Rbe7 27.
Qd4 h6 28. h4 Qb6 29. b4 Qa6 30. Rd7 Re6 31. Qd5 Qe2 32. Rcc7 Qh5 33. Rxa7 g5
34. Rxf7 Qxf7 35. Rxf7 Kxf7 36. f4 gxf4 37. gxf4 Kg6 38. Kf2 h5 39. Kf3 R6e7
40. Ke4 1-0

[Event "XIX Festival A"]
[Site "Porto San Giorgio ITA"]
[Date "2007.08.22"]
[Round "2"]
[White "Stromboli, Ettore"]
[Black "Brkic, Ante"]
[Result "0-1"]
[WhiteElo "2233"]
[BlackElo "2558"]
[PlyCount "94"]
[EventDate "2007.08.21"]

1. e4 c5 2. Nf3 d6 3. d4 cxd4 4. Nxd4 Nf6 5. f3 a6 6. c4 e6 7. Be3 Be7 8. Be2
O-O 9. O-O b6 10. Nc3 Bb7 11. Rc1 Nbd7 12. b4 Rc8 13. a3 Qc7 14. Qe1 Qb8 15.
Qf2 Bd8 16. Nb3 Bc7 17. g3 h5 18. Rfd1 Rfe8 19. c5 dxc5 20. bxc5 bxc5 21. Nxc5
Nxc5 22. Bxc5 h4 23. gxh4 Bf4 24. Be3 Qe5 25. Bxf4 Qxf4 26. Bf1 Bxe4 27. Bxa6
Rc7 28. Ne2 Rxc1 29. Rxc1 Qxf3 30. Qxf3 Bxf3 31. Nd4 Bd5 32. a4 Kf8 33. Bb5 Ra8
34. Rc7 Ne4 35. Nc6 Nd6 36. Ne5 Kg8 37. Nd7 Ra5 38. Rc5 Bb3 39. Rg5 Bxa4 40.
Nf6+ Kf8 41. Nh7+ Ke7 42. Bd3 Rxg5+ 43. hxg5 Bd1 44. Kf2 e5 45. Ke3 Bh5 46. h4
e4 47. Be2 Bg6 0-1

[Event "XIX Festival A"]
[Site "Porto San Giorgio ITA"]
[Date "2007.08.22"]
[Round "2"]
[White "Tomba, Ivan"]
[Black "Georgiev, Vladimir"]
[Result "1/2-1/2"]
[WhiteElo "2244"]
[BlackElo "2568"]
[PlyCount "96"]
[EventDate "2007.08.21"]

1. e4 e5 2. Nf3 Nc6 3. d4 exd4 4. Nxd4 Bc5 5. Nxc6 Qf6 6. Qd2 dxc6 7. Nc3 Qe7
8. Bd3 Nf6 9. O-O Be6 10. Na4 Bb4 11. Qe2 Ng4 12. f4 h5 13. a3 Bd6 14. e5 Bc5+
15. Nxc5 Qxc5+ 16. Kh1 g6 17. b4 Qd4 18. Rb1 O-O-O 19. Bb2 Qb6 20. Rbe1 Nh6 21.
Bc3 Rhe8 22. a4 c5 23. a5 Qc6 24. Bb5 Bg4 25. Qc4 Be6 26. Bxc6 Bxc4 27. Bxe8
Bxf1 28. e6 Bc4 29. Bd7+ Rxd7 30. exd7+ Kxd7 31. bxc5 Kc6 32. Be5 Ng4 33. h3
Nxe5 34. Rxe5 Be6 35. Kg1 Kb5 36. c6+ Kxc6 37. Kf2 b6 38. axb6 cxb6 39. Ke3 a5
40. Kd4 b5 41. Re1 a4 42. Ra1 h4 43. Ra3 Kd6 44. g3 hxg3 45. Rxg3 b4 46. Rg5
Bxh3 47. Ra5 b3 48. Kc3 bxc2 1/2-1/2

[Event "XIX Festival A"]
[Site "Porto San Giorgio ITA"]
[Date "2007.08.22"]
[Round "2"]
[White "Zaja, Ivan"]
[Black "Cristiani, Cesare"]
[Result "1-0"]
[WhiteElo "2464"]
[BlackElo "2159"]
[PlyCount "68"]
[EventDate "2007.08.21"]

1. d4 Nf6 2. c4 c5 3. d5 e6 4. Nc3 exd5 5. cxd5 d6 6. e4 g6 7. f4 Bg7 8. Bb5+
Bd7 9. e5 dxe5 10. fxe5 Nh5 11. e6 Qh4+ 12. g3 Nxg3 13. hxg3 Qxh1 14. exd7+
Nxd7 15. Bxd7+ Kxd7 16. Qg4+ f5 17. Qa4+ Kc8 18. Be3 Bxc3+ 19. bxc3 Qxd5 20.
Rd1 Qe6 21. Kf2 Rd8 22. Re1 Qd7 23. Qa3 Re8 24. Qxc5+ Qc6 25. Qd4 h6 26. Nf3 g5
27. Qg7 b6 28. Nd4 Qd7 29. Qxh6 Kb7 30. Qxg5 Rh8 31. Bf4 Qd5 32. Qe7+ Ka6 33.
Qa3+ Qa5 34. Qb3 Qxa2+ 1-0

[Event "XIX Festival A"]
[Site "Porto San Giorgio ITA"]
[Date "2007.08.23"]
[Round "3"]
[White "Brkic, Ante"]
[Black "Andonov, Bogomil"]
[Result "1-0"]
[WhiteElo "2558"]
[BlackElo "2383"]
[PlyCount "67"]
[EventDate "2007.08.21"]

1. e4 c5 2. Nf3 Nc6 3. d4 cxd4 4. Nxd4 Qc7 5. Nc3 e6 6. Be3 Nf6 7. Be2 a6 8. a3
Be7 9. f4 d6 10. g4 O-O 11. g5 Nd7 12. Qd2 Nxd4 13. Bxd4 b5 14. f5 Ne5 15. f6
gxf6 16. h4 Bb7 17. Rg1 Kh8 18. O-O-O fxg5 19. hxg5 Rg8 20. Rdf1 Rg7 21. Bh5
Rf8 22. Kb1 Qd8 23. Qh2 Bxg5 24. Bxe5 dxe5 25. Qxe5 Bf6 26. Qf4 Rxg1 27. Rxg1
Bxc3 28. bxc3 f6 29. Rh1 e5 30. Qh6 Qe7 31. Bg6 Rf7 32. Bxf7 Qxf7 33. Rd1 Qe7
34. Rd7 1-0

[Event "XIX Festival A"]
[Site "Porto San Giorgio ITA"]
[Date "2007.08.23"]
[Round "3"]
[White "Calzetta Ruiz, Monica"]
[Black "Zaja, Ivan"]
[Result "1/2-1/2"]
[WhiteElo "2278"]
[BlackElo "2464"]
[PlyCount "34"]
[EventDate "2007.08.21"]

1. e4 e5 2. Nf3 Nc6 3. Bb5 a6 4. Ba4 Nf6 5. O-O Be7 6. Qe2 b5 7. Bb3 d6 8. c3
Bg4 9. h3 Bh5 10. Rd1 O-O 11. d3 Na5 12. Bc2 c5 13. Nbd2 Qc7 14. g4 Bg6 15. Nf1
Rfd8 16. a4 Nc6 17. Ne3 Rf8 1/2-1/2

[Event "XIX Festival A"]
[Site "Porto San Giorgio ITA"]
[Date "2007.08.23"]
[Round "3"]
[White "Csiszar, Csaba"]
[Black "Fattorelli, Luciano"]
[Result "1-0"]
[WhiteElo "2430"]
[BlackElo "2039"]
[PlyCount "59"]
[EventDate "2007.08.21"]

1. d4 c5 2. d5 e5 3. e4 d6 4. Be3 g6 5. Qd2 Bg7 6. Nc3 Na6 7. Be2 Nc7 8. g4 Ne7
9. g5 Ng8 10. h4 h6 11. O-O-O hxg5 12. Bxg5 Bf6 13. Nf3 Bd7 14. Be3 b5 15. Ng5
b4 16. Nb1 Qe7 17. Bxc5 Rxh4 18. Be3 Rxh1 19. Rxh1 Bxg5 20. Bxg5 f6 21. Rh8
O-O-O 22. Be3 Bb5 23. Bxb5 Nxb5 24. Qxb4 Qb7 25. a4 Nc7 26. Qa5 a6 27. Nd2 Kd7
28. Nc4 Rb8 29. b3 Ne7 30. Nb6+ 1-0

[Event "XIX Festival A"]
[Site "Porto San Giorgio ITA"]
[Date "2007.08.23"]
[Round "3"]
[White "Estremera Panos, Sergio"]
[Black "Miezis, Normunds"]
[Result "1/2-1/2"]
[WhiteElo "2375"]
[BlackElo "2524"]
[PlyCount "55"]
[EventDate "2007.08.21"]

1. d4 Nf6 2. c4 e6 3. Nc3 Bb4 4. e3 c5 5. Bd3 d5 6. cxd5 exd5 7. a3 Ba5 8. Nge2
c4 9. Bc2 Nc6 10. O-O Bc7 11. f3 O-O 12. Kh1 Qd6 13. g3 Re8 14. Nb5 Qd8 15.
Nxc7 Qxc7 16. g4 g6 17. Qe1 b5 18. Qh4 Qd8 19. Nf4 Be6 20. Rg1 Qe7 21. Bd2 Nd7
22. Qf2 Qd6 23. Rgd1 Nb6 24. Qh4 Qe7 25. Qh6 Qf8 26. Qh4 Qe7 27. Qh6 Qf8 28.
Qh4 1/2-1/2

[Event "XIX Festival A"]
[Site "Porto San Giorgio ITA"]
[Date "2007.08.23"]
[Round "3"]
[White "Farago, Ivan"]
[Black "Bentivegna, Francesco"]
[Result "1-0"]
[WhiteElo "2501"]
[BlackElo "2277"]
[PlyCount "75"]
[EventDate "2007.08.21"]

1. d4 f5 2. g3 Nf6 3. Bg2 g6 4. c4 Bg7 5. Nc3 d6 6. Nf3 O-O 7. O-O e6 8. Qc2
Nc6 9. d5 Nb4 10. Qa4 Na6 11. dxe6 Nc5 12. Qc2 Bxe6 13. b3 Kh8 14. e3 c6 15.
Bb2 Qe7 16. Rad1 Bg8 17. Nd4 a5 18. Rfe1 Nfe4 19. Nde2 Nf6 20. Nd4 Nfe4 21. a3
Rfe8 22. b4 axb4 23. axb4 Nxc3 24. Bxc3 Ne4 25. Bxe4 Qxe4 26. Qb2 Qe7 27. Rc1
Ra4 28. e4 f4 29. e5 dxe5 30. Nf3 fxg3 31. hxg3 Qf8 32. Nxe5 Raa8 33. Re4 Be6
34. Rce1 Bf5 35. Rf4 Qg8 36. g4 Be6 37. Re3 Rf8 38. Nxg6+ 1-0

[Event "XIX Festival A"]
[Site "Porto San Giorgio ITA"]
[Date "2007.08.23"]
[Round "3"]
[White "Fedorchuk, Sergey A."]
[Black "Cioara, Andrei Nestor"]
[Result "0-1"]
[WhiteElo "2618"]
[BlackElo "2430"]
[PlyCount "90"]
[EventDate "2007.08.21"]

1. e4 c6 2. d4 d5 3. Nd2 dxe4 4. Nxe4 Nd7 5. Ng5 Ngf6 6. Bc4 Nd5 7. N1f3 h6 8.
Ne4 N7b6 9. Bb3 Bf5 10. Ng3 Bh7 11. Ne5 Nd7 12. f4 e6 13. O-O Be7 14. Nh5 Nxe5
15. fxe5 O-O 16. c4 Nb4 17. Be3 Bg5 18. Rf3 Bg6 19. Nf4 Be4 20. Rf2 Nd3 21. Re2
Bxf4 22. Bxf4 Qxd4+ 23. Be3 Qxe5 24. Qd2 Rad8 25. Qc3 Qxc3 26. bxc3 f5 27. Bxa7
e5 28. Bb6 Nf4 29. c5+ Kh7 30. Rf2 Rd3 31. Bc7 Re8 32. Bd6 Kg6 33. Rc1 b5 34.
c4 b4 35. Re1 Rd4 36. Re3 Kf6 37. h3 g5 38. Kh2 h5 39. g3 Nd3 40. Rfe2 Nc1 41.
Rf2 Ra8 42. Bd1 Rxd1 43. Rxe4 Nd3 44. Ree2 Nxf2 45. Bxe5+ Ke6 0-1

[Event "XIX Festival A"]
[Site "Porto San Giorgio ITA"]
[Date "2007.08.23"]
[Round "3"]
[White "Jones, Gawain C.B."]
[Black "Michalczak, Thomas"]
[Result "1-0"]
[WhiteElo "2526"]
[BlackElo "2324"]
[PlyCount "79"]
[EventDate "2007.08.21"]

1. e4 e5 2. Nf3 Nc6 3. d4 exd4 4. Nxd4 Bc5 5. Nxc6 Qf6 6. Qf3 bxc6 7. Nd2 Qxf3
8. gxf3 d5 9. Rg1 Ne7 10. Nb3 Bd6 11. c4 dxe4 12. fxe4 f5 13. c5 Be5 14. f4 Bf6
15. e5 Bh4+ 16. Kd1 Be6 17. Rxg7 O-O-O+ 18. Kc2 Ng6 19. Ba6+ Kb8 20. Be3 Be7
21. Nd4 Bd5 22. Rd1 Bxc5 23. Nxc6+ Bxc6 24. Rxd8+ Rxd8 25. Bxc5 Be4+ 26. Kb3
Nxf4 27. Rxh7 Nd3 28. Be7 f4 29. Rh5 Re8 30. Kc3 Bf3 31. Rg5 Nf2 32. Rf5 Ng4
33. Rxf4 Nxh2 34. Bf6 Bd5 35. Kd4 c6 36. Kc5 Nf3 37. Rb4+ Kc7 38. Rb7+ Kc8 39.
Re7+ Kd8 40. Rxa7+ 1-0

[Event "XIX Festival A"]
[Site "Porto San Giorgio ITA"]
[Date "2007.08.23"]
[Round "3"]
[White "Peredy, Ferenc"]
[Black "Naumkin, Igor"]
[Result "0-1"]
[WhiteElo "2283"]
[BlackElo "2490"]
[PlyCount "108"]
[EventDate "2007.08.21"]

1. d4 e6 2. c4 Nf6 3. g3 d5 4. Bg2 dxc4 5. Nf3 Nc6 6. Qa4 Bb4+ 7. Bd2 Nd5 8.
Bxb4 Ndxb4 9. a3 b5 10. Qd1 Nd5 11. e4 Nf6 12. Nc3 Rb8 13. O-O O-O 14. e5 Nd5
15. Ne4 h6 16. Qe2 f6 17. exf6 Nxf6 18. Rad1 Nxe4 19. Qxe4 Ne7 20. Rfe1 Rb6 21.
Rd2 Bb7 22. Qg4 Nf5 23. Red1 Rd6 24. Ne5 Bxg2 25. Kxg2 c5 26. Nf3 cxd4 27. Nxd4
Qf6 28. Nxf5 Rxd2 29. Ne7+ Qxe7 30. Rxd2 Qb7+ 31. Kg1 Qc6 32. Qd4 a5 33. Qe5
Rf5 34. Rd8+ Kh7 35. Qd4 b4 36. axb4 axb4 37. Rd6 Qc5 38. Qxc5 Rxc5 39. Rxe6 c3
40. bxc3 bxc3 41. Re1 Kg6 42. f3 Kf5 43. Kf2 c2 44. Rc1 Rc3 45. Ke2 g5 46. Kf2
Ke5 47. Ke2 Kd4 48. f4 gxf4 49. gxf4 Kc4 50. f5 Kb3 51. f6 Kb2 52. f7 Rc8 53.
Rf1 c1=Q 54. f8=Q Rxf8 0-1

[Event "XIX Festival A"]
[Site "Porto San Giorgio ITA"]
[Date "2007.08.23"]
[Round "3"]
[White "Rigo, Janos"]
[Black "Komarov, Dimitri"]
[Result "0-1"]
[WhiteElo "2292"]
[BlackElo "2550"]
[PlyCount "40"]
[EventDate "2007.08.21"]

1. e4 e6 2. d4 d5 3. Nc3 Nf6 4. Bg5 dxe4 5. Nxe4 Be7 6. Nxf6+ Bxf6 7. Bxf6 Qxf6
8. Nf3 O-O 9. Bd3 c5 10. dxc5 Qxb2 11. O-O Nd7 12. Ng5 h6 13. Ne4 f5 14. Ng3
Nxc5 15. Bc4 f4 16. Nh5 Qc3 17. Qg4 Rf7 18. Bb3 Nxb3 19. cxb3 e5 20. Qd1 Bf5
0-1

[Event "XIX Festival A"]
[Site "Porto San Giorgio ITA"]
[Date "2007.08.23"]
[Round "3"]
[White "Tomescu, Vlad"]
[Black "Hamdouchi, Hichem"]
[Result "1/2-1/2"]
[WhiteElo "2407"]
[BlackElo "2576"]
[PlyCount "243"]
[EventDate "2007.08.21"]

1. e4 c5 2. Nf3 e6 3. d4 cxd4 4. Nxd4 a6 5. Bd3 Bc5 6. Nb3 Ba7 7. Nc3 Nc6 8.
Qe2 Nge7 9. Be3 O-O 10. O-O-O b5 11. e5 b4 12. Bxa7 Rxa7 13. Na4 Ng6 14. Bxg6
Qg5+ 15. Qd2 Qxd2+ 16. Rxd2 fxg6 17. Re1 Rf5 18. Nb6 Rc7 19. Nc4 g5 20. f3 Kf8
21. h3 Ke7 22. Nd4 Nxd4 23. Rxd4 Bb7 24. Nd6 Rf4 25. Red1 a5 26. Rxf4 gxf4 27.
Rd4 g5 28. h4 h6 29. hxg5 hxg5 30. a3 bxa3 31. bxa3 Bd5 32. c4 Rc5 33. Rd2 Bc6
34. Re2 a4 35. Kb2 Ra5 36. Kc3 Ra8 37. Rb2 g4 38. fxg4 Rg8 39. Kd4 f3 40. gxf3
Bxf3 41. g5 Rxg5 42. Rb8 Bh5 43. Rh8 Bg6 44. Rg8 Rg4+ 45. Kc5 Rg5 46. Rg7+ Kf8
47. Rxd7 Rxe5+ 48. Kd4 Re1 49. c5 Bf5 50. Ra7 Bh3 51. Rxa4 Bg2 52. Ra7 e5+ 53.
Kc3 Rc1+ 54. Kb4 Bd5 55. Rh7 Rb1+ 56. Ka5 e4 57. Rh5 Bc6 58. Re5 Rb3 59. a4 Rb8
60. Nxe4 Ra8+ 61. Kb6 Bxa4 62. Nd6 Rb8+ 63. Nb7 Re8 64. Rf5+ Kg7 65. Rf4 Bd7
66. Nd6 Rf8 67. Re4 Kf6 68. Kc7 Be6 69. c6 Rg8 70. Kb6 Rb8+ 71. Kc5 Ra8 72. c7
Bd7 73. Kb6 Ra1 74. Nc4 Rb1+ 75. Kc5 Rc1 76. Kb6 Rb1+ 77. Ka7 Rc1 78. Kb7 Bh3
79. Rd4 Ke7 80. Nb6 Rb1 81. Rd3 Bf5 82. Rd5 Bg4 83. Rg5 Bh3 84. Rg7+ Kd6 85.
Rg6+ Ke7 86. Rc6 Bg4 87. Rc3 Bf5 88. Kc6 Bg4 89. Nd5+ Kf7 90. Rg3 Bc8 91. Rf3+
Kg7 92. Nb6 Rc1+ 93. Kd6 Bb7 94. Rb3 Rd1+ 95. Ke7 Re1+ 96. Kd8 Kf7 97. Rh3 Re8+
98. Kd7 Re7+ 99. Kd6 Re6+ 100. Kc5 Rc6+ 101. Kb5 Rc1 102. Nc4 Bc8 103. Re3 Bd7+
104. Kc5 Bc8 105. Re4 Kf6 106. Kb6 Rb1+ 107. Kc6 Rc1 108. Rd4 Ke7 109. Rh4 Ke6
110. Kc5 Ke7 111. Kb6 Rb1+ 112. Kc6 Rc1 113. Re4+ Kf6 114. Kb6 Rb1+ 115. Ka5
Ra1+ 116. Kb5 Rb1+ 117. Kc5 Rc1 118. Rd4 Ke7 119. Kc6 Ke6 120. Re4+ Kf6 121.
Rh4 Ke7 122. Rh7+ 1/2-1/2

[Event "XIX Festival A"]
[Site "Porto San Giorgio ITA"]
[Date "2007.08.23"]
[Round "3"]
[White "Trent, Lawrence"]
[Black "Calandri, Fausto"]
[Result "1-0"]
[WhiteElo "2458"]
[BlackElo "2144"]
[PlyCount "71"]
[EventDate "2007.08.21"]

1. e4 d5 2. exd5 Qxd5 3. Nc3 Qa5 4. Nf3 Nf6 5. Bc4 c6 6. Qe2 Bf5 7. Ne5 e6 8.
g4 Bg6 9. h4 Nbd7 10. Nxd7 Nxd7 11. h5 Bxc2 12. d3 Qe5 13. Be3 b5 14. d4 Qd6
15. Bxb5 cxb5 16. Qxc2 Rc8 17. a3 Be7 18. Qe2 a6 19. d5 Bf6 20. Rd1 Bxc3+ 21.
bxc3 O-O 22. h6 g6 23. O-O Rc4 24. f4 Nf6 25. Bd4 Nxd5 26. Qf3 Qxa3 27. Rd3 Qd6
28. Be5 Qb6+ 29. Bd4 Qd6 30. Be5 Qb6+ 31. Kh2 b4 32. f5 Nxc3 33. fxg6 f6 34.
gxh7+ Kxh7 35. Rd7+ Kxh6 36. Qxf6+ 1-0

[Event "XIX Festival A"]
[Site "Porto San Giorgio ITA"]
[Date "2007.08.23"]
[Round "3"]
[White "Vuelban, Virgilio"]
[Black "Krivoshey, Sergei"]
[Result "0-1"]
[WhiteElo "2332"]
[BlackElo "2500"]
[PlyCount "96"]
[EventDate "2007.08.21"]

1. e4 c5 2. Nf3 Nc6 3. d4 cxd4 4. Nxd4 Nf6 5. Nc3 d6 6. Bc4 e5 7. Nde2 Be6 8.
Bb3 Be7 9. O-O O-O 10. f3 Na5 11. Ng3 Nxb3 12. axb3 d5 13. exd5 Nxd5 14. Nxd5
Bxd5 15. Be3 f5 16. f4 exf4 17. Bxf4 Bc5+ 18. Kh1 Bc6 19. c3 Qxd1 20. Raxd1 a5
21. Be5 g6 22. Bd4 Bxd4 23. Rxd4 Rad8 24. Kg1 Rxd4 25. cxd4 Bd5 26. Rc1 Bxb3
27. Kf2 a4 28. Ne2 b5 29. Rc5 b4 30. Rb5 Rc8 31. Rxb4 Rc2 32. Ke3 Rxb2 33. d5
a3 34. Nc3 Bc2 35. Rc4 a2 36. Rc8+ Kf7 37. Ra8 Bb3 38. Kd4 Kf6 39. Ra6+ Kg5 40.
d6 Rxg2 41. h3 Kf6 42. Nd5+ Bxd5 43. Kxd5 Rd2+ 44. Kc6 f4 45. Ra8 f3 46. d7
Rxd7 47. Kxd7 f2 48. Kd6 Kg7 0-1

[Event "XIX Festival A"]
[Site "Porto San Giorgio ITA"]
[Date "2007.08.24"]
[Round "4"]
[White "Andonov, Bogomil"]
[Black "Borgiani, Flavio"]
[Result "0-1"]
[WhiteElo "2383"]
[BlackElo "2164"]
[PlyCount "98"]
[EventDate "2007.08.21"]

1. d4 e6 2. Nf3 Nf6 3. c4 c5 4. g3 cxd4 5. Nxd4 Nc6 6. Bg2 Be7 7. O-O O-O 8.
Nc3 a6 9. b3 d5 10. cxd5 exd5 11. Bb2 Re8 12. Rc1 Bg4 13. h3 Bh5 14. g4 Bg6 15.
Nxc6 bxc6 16. e3 h5 17. Ne2 hxg4 18. hxg4 Nxg4 19. Nf4 Bf5 20. Bf3 Qd7 21. Kg2
Bh4 22. Rh1 Nxf2 23. Qd4 Bf6 24. Qxf6 gxf6 25. Kxf2 Qe7 26. Bd4 Bg6 27. Rcg1
Rac8 28. Nh5 Qb7 29. Nxf6+ Kf8 30. Nxd5 cxd5 31. Bf6 Rc2+ 32. Be2 Rxe2+ 33.
Kxe2 Rxe3+ 34. Kxe3 Qb6+ 35. Bd4 Qe6+ 36. Kd2 Qf5 37. Rh4 Qd3+ 38. Ke1 Qb1+ 39.
Kf2 Qxa2+ 40. Kg3 Qxb3+ 41. Kh2 Be4 42. Rf1 Qc4 43. Rh8+ Ke7 44. Bf6+ Kd7 45.
Rf2 Qc1 46. Bd4 Qh1+ 47. Kg3 Qg1+ 48. Kf4 f6 49. Ke3 Qg3+ 0-1